[Event "Athens ChessSquare Celebration op"]
[Site "Athens"]
[Date "2015.11.28"]
[Round "4"]
[White "Tsimboukidis, Anastasios"]
[Black "Chatzopoulos, Theodoros"]
[Result "1-0"]
[WhiteElo "1901"]
[BlackElo "1280"]
[PlyCount "105"]
[EventDate "2015.11.07"]
[EventType "swiss"]
[EventRounds "7"]
[EventCountry "GRE"]
[SourceTitle "EXT 2024"]
[Source "ChessBase"]
[SourceDate "2023.10.10"]
[SourceVersion "1"]
[SourceVersionDate "2023.10.10"]
[SourceQuality "1"]

1. d4 Nf6 2. Nf3 e6 3. Bg5 c5 4. e3 h6 5. Bh4 cxd4 6. exd4 Be7 7. Nbd2 0-0 8. Bd3 Nc6 9. c3 d5 10. 0-0 Bd7 11. Bg3 Rc8 12. Ne5 Qb6 13. Qb3 Qxb3 14. axb3 a6 15. b4 Na7 16. Nxd7 Nxd7 17. Nb3 Rc6 18. Na5 Rb6 19. Bc7 Rb8 20. Bxb8 Nxb8 21. f4 Bf6 22. Rfe1 Nd7 23. Re2 Nb5 24. Nb3 g6 25. g3 Kg7 26. Kg2 Na7 27. Nd2 Nc8 28. Nb3 Nd6 29. Nc5 Nb8 30. h3 Nb5 31. Na4 Rc6 32. Nc5 Rb6 33. Na4 Rc6 34. Bxb5 axb5 35. Nc5 b6 36. Nd3 Rc4 37. Ra7 Nc6 38. Rb7 Nxd4 39. cxd4 Bxd4 40. Ne5 Rxb4 41. Nxf7 Rxb2 42. Rxb2 Bxb2 43. Ne5+ Kg8 44. Rxb6 Bxe5 45. fxe5 Kf7 46. Rb7+ Ke8 47. Rxb5 Kd7 48. Rb6 g5 49. g4 Ke7 50. Kf3 Kd7 51. Ke3 Ke7 52. Kd4 Kd7 53. Rb7+ 1-0